00624pam a2200145 a 450008200200000024502040002026000530022430000340027749000540031152600370036565000080040265000270041070000240043770000170046100a359.009bMAHcD04aThe Influence of history on Mahan :bthe proceedings of a conference marking the centenary of Alfred Thayer Mahan's The influence of sea power upon history, 1660-1783 /cedited by John B. Hattendorf. aNewport, R.I. :bNaval War College Press,c1991. avii, 557 p. :bill. ;c23 cm.1 aHistorical monograph series / Naval War College ; a0b0c0d359_009000000000000_MAH 0aMCE 0aSea-powerxCongresses.1 aHattendorf, John B.1 aMahan, A. T.